Statistics for Baseball Positions

Click here to take the quiz!

General Stats

  • This quiz has been taken 85 times
  • The average score is 9 of 9

Answer Stats

HintAnswer% Correct
1pitcher
100%
2catcher
99%
6first base
99%
5third base
99%
4second base
97%
3shortstop
97%
7center field
96%
9right field
96%
8left field
95%

Score Distribution

Percentile by Number Answered

Percent of People with Each Score

Your Score History

You have not taken this quiz